Statistiques concernant Culture Générale - Série 1426

Cliquez ici pour prendre le quiz!

Statistiques générales

  • Ce quiz a été pris 53 fois
  • Le résultat moyen est 5 sur 10

Statistiques - réponses

QuestionRéponse% Correct
Outre le pion, quelle pièce peut être déplacée, dès le premier coup d'une partie d'échecs ?cavalier
94%
Quelle fleur a donné son nom à une position assise de Bouddha et des adeptes du yoga ?lotus
90%
En 1755, quelle capitale européenne est anéantie par un séisme ?Lisbonne
67%
Quel petit État d'Afrique, dont la capitale est Lilongwe, est situé entre la Tanzanie, le Mozambique et la Zambie ?Malawi
67%
De quel fruit à pépins l'"Alexandrine Douillard" et l'"Épine du mas" sont-elles des variétés ?poire
50%
Dans quel pays la pomme "granny smith" a-t-elle été créée ?Australie
40%
Quel jazzman américain était surnommé "Satchmo" ?Louis Armstrong
33%
Quel célèbre groupe pop britannique s'est constitué en 1970 autour du chanteur Brian Ferry ? ou RoxyRoxy Music
31%
Quel nom désigne à la fois un petit animal carnivore, et une tige flexible, utilisée pour dégorger les canalisations ?furet
29%
Quel nom donne-t-on également à " l' herbe aux verrues", dont le latex jaune-orangé toxique est utilisé pour éliminer les verrues ?chélidoine
8%

Distribution des résultats

Percentile par nombre de réponses

% des personnes avec chaque résultat

Votre développement - résultats

Vous n’avez pas pris ce quiz